| 000 | 00407nam a2200169Ia 4500 | ||
|---|---|---|---|
| 008 | 230524s9999 xx 000 0 und d | ||
| 020 | _a9788192679648 | ||
| 082 | _bKHA | ||
| 100 |
_aA. R. Khan _940624 |
||
| 245 | 4 | _aThe Constitution of India | |
| 250 | _a2 | ||
| 260 |
_aNew Delhi _bAccess Publishing _c2013 |
||
| 300 | _a272p; | ||
| 500 | _aQuantity Number: 1 | ||
| 650 | _aManagement | ||
| 942 | _cBK | ||
| 999 |
_c54972 _d54972 |
||